Eutanasia y suicidio: cuestiones dogmáticas y de política criminal

Uloženo v:
Podrobná bibliografie
Hlavní autoři: Roxin, Claus (Autor), Barquín Sanz, Jesús (Autor), Olmedo Cardenete, Miguel (Autor)
Další autoři: Mantovani, Ferrando (autor)
Médium: Kniha
Jazyk:španělština
Vydáno: Granada Comares 2001
Edice:Biblioteca Comares de Ciencia Jurídica. Estudios de Derecho Penal, 34
Témata:
Tagy: Přidat tag
Žádné tagy, Buďte první, kdo vytvoří štítek k tomuto záznamu!

MARC

LEADER 00000nam a2200000 a 4500
001 UCM8806
003 CL-VaPUC
008 030328e20010000SP |||||||||||||||||spa|d
082 0 4 |a 179.7  |b ROX  |2 21 
100 0 |a Roxin, Claus  |e author  |9 351 
700 |a Mantovani, Ferrando  |e autor  |9 530420 
700 0 |a Barquín Sanz, Jesús  |e author  |9 475010 
700 0 |a Olmedo Cardenete, Miguel  |e author  |9 475011 
245 1 0 |a Eutanasia y suicidio: cuestiones dogmáticas y de política criminal 
300 |a 211 p 
942 |c BK 
945 |d 20030328 00:00:00  |a cmena 
260 |a Granada  |b Comares  |c 2001 
650 0 |a Eutanasia  |9 255102 
650 7 |a SUICIDIO  |2 CL-VaPUC  |9 317374 
650 7 |a DERECHO PENAL  |2 CL-VaPUC  |9 11 
650 0 |a Derecho comparado  |9 255664 
583 |a last modification  |c 20030328 00:00:00  |k Rodrigo Vera 
490 0 |a Biblioteca Comares de Ciencia Jurídica. Estudios de Derecho Penal, 34 
999 |c 303228  |d 303226 
952 |0 0  |1 0  |4 0  |6 179_700000000000000_ROX_2001  |7 0  |8 DER_TF  |9 364392  |a BIBDER  |b BIBDER  |d 2019-11-21  |i 3877108  |o 179.7 ROX 2001  |p 3877108  |r 2023-01-25  |w 2019-11-21  |x Ubicación 4to Piso  |y BK  |z Estos recursos deben solicitarse con anticipación  |k DER